The early development of islamic jurisprudence / (Record no. 123630)

MARC details
000 -LEADER
fixed length control field 00717nam a22002297a 4500
005 - DATE AND TIME OF LATEST TRANSACTION
control field 20170124105928.0
010 ## - LIBRARY OF CONGRESS CONTROL NUMBER
LC control number A-709419
020 ## - INTERNATIONAL STANDARD BOOK NUMBER
Terms of availability 125.00
International Standard Book Number 8174350098
035 ## - SYSTEM CONTROL NUMBER
System control number A-709419
037 ## - SOURCE OF ACQUISITION
Source of stock number/acquisition Cen Lib/Ret
040 ## - CATALOGING SOURCE
Original cataloging agency DPL
Language of cataloging EN
082 ## - DEWEY DECIMAL CLASSIFICATION NUMBER
Classification number 340.59
Item number HAS
100 ## - MAIN ENTRY--PERSONAL NAME
Personal name Hasan, Ahmed
9 (RLIN) 7280
245 ## - TITLE STATEMENT
Title The early development of islamic jurisprudence /
Statement of responsibility, etc by Ahmed Hasan
260 ## - PUBLICATION, DISTRIBUTION, ETC. (IMPRINT)
Place of publication, distribution, etc Delhi
Name of publisher, distributor, etc Adam Publishers
Date of publication, distribution, etc 1994
270 ## - ADDRESS
City Delhi
Address Shandar Market, Chitli Qaber
Postal code 110006
300 ## - PHYSICAL DESCRIPTION
Extent xiii, 234p.
Dimensions 20cm(Hb)
500 ## - GENERAL NOTE
General note Includes bibliographical references and index
650 ## - SUBJECT ADDED ENTRY--TOPICAL TERM
Topical term or geographic name as entry element Islamic law -- History
Geographic subdivision
9 (RLIN) 72158
650 ## - SUBJECT ADDED ENTRY--TOPICAL TERM
Topical term or geographic name as entry element Islamic law
9 (RLIN) 2027
942 ## - ADDED ENTRY ELEMENTS (KOHA)
Source of classification or shelving scheme Dewey Decimal Classification
Koha item type English Books
Classification part 340.59
Call number suffix HAS
Holdings
Withdrawn status Lost status Damaged status Not for loan Home library Current library Date acquired Source of acquisition Cost, normal purchase price Total Checkouts Full call number Barcode Date last seen Copy number Cost, replacement price Price effective from Koha item type Public note
Written off       Central Library Central Library 09/06/2015 Cen Lib/Ret 125.00   340.59 HAS A-709419 09/06/2015 1 125.00 09/06/2015 English Books W/d list no. 6812/16

© Delhi Public Library
Hit Counter
free hit counter